| 000 | 00631nam a2200217Ia 4500 | ||
|---|---|---|---|
| 003 | IN-BaIIA | ||
| 008 | 211028s9999 xx 000 0 eng d | ||
| 040 | _cIIA Library | ||
| 080 |
_a537:538 _bMAX |
||
| 100 |
_aMaxwell, James Clerk _97049 |
||
| 245 | 2 |
_aA treatise on electricity and magnetism _bvol. 1 _cJames Clerk Maxwell |
|
| 250 | _a3rd ed. | ||
| 260 |
_aNew York _bDover Publications _c1954 |
||
| 300 | _axxxii, 506p. | ||
| 490 | _aDover books on physics and mathematical physics | ||
| 650 |
_aElectricity _9527 |
||
| 650 |
_aElectromagnetism _9540 |
||
| 650 |
_aMagnetism _956 |
||
| 650 | _aNASA Thesaurus | ||
| 942 | _cBK | ||
| 999 |
_c3981 _d3981 |
||